00692nam a2200181 a 450000500170000000800410001702000180005805000280007610000280010424500710013226000370020330000220024044000460026252001290030865000270043765000230046465000230048720140412111241.0010605s19uu xx 00 eng d a0-394-82554-3 aM 398.2bD625 1974, #15 aWalt Disney Productions aRobin hood and the great coach robbery /cWalt Disney Productions. aNew York :bRandom House,c1974. a1v. (unp.) ; ill. aDisney's: Wonderful World of Reading, #15 aDisguised as fortune tellers, Robin Hood and Little John stop Prince John's coach, tell his fortune, and carry off his gold. aWalt Disney Production aRobin Hood-Fiction aAdventures stories